000 00647nam a2200229Ia 4500
003 OSt
005 20220918192913.0
006 a|||||r|||| 00| 0
007 ta
008 220917b |||||||| |||| 00| 0 eng d
024 _a70,970
037 _cTextual
040 _aARTS
_cARTS
_beng
041 _2eng
_aeng
082 _aR4, K8 (ER)
100 _aRoss W. David
_980600
245 0 _aFoundation of ethics
_b the Gifford lectures delivered in Universuty of Aberdeen 1935-36
260 _aOxford
_bClarendon Press
_c1968
650 _aETHICS
942 _hR4, K8 (ER)
_cTEXL
_2CC
999 _c197051
_d197051